| 000 | 00724nam a2200217Ia 4500 | ||
|---|---|---|---|
| 001 | a12069 | ||
| 003 | SIRSI | ||
| 008 | 180606s2015 nyua e b 001 0 eng d | ||
| 020 | _a9781292016627 | ||
| 050 | 0 | 0 |
_aHD30.4 _b.S28 2016 |
| 100 | 1 | _aSaunders, M. N. K. | |
| 245 | 1 | 0 |
_aResearch methods for business students / _cMark Saunders, Philip Lewis, Adrian Thornhill. |
| 250 | _a7th ed. | ||
| 260 |
_aNew York : _bPearson Education, _c2016. |
||
| 300 |
_axxvi, 741 p. : _bill. (some col.) ; _c27 cm. |
||
| 504 | _aIncludes bibliographical references (p. 674-687) and index. | ||
| 650 | 0 |
_aBusiness _xResearch. |
|
| 650 | 0 |
_aBusiness _xResearch _xData processing. |
|
| 700 | 1 |
_aLewis, Philip, _d1945- |
|
| 700 | 1 | _aThornhill, Adrian. | |
| 999 |
_c28728 _d28728 |
||